Normal view
MARC view
- Gervilla Castillo, Enrique
Entry Nombre Personal
001 - NUMERO DE CONTROL
- campo de control: 37733
003 - IDENTIFICADOR DE NUMERO DE CONTROL
- campo de control: UPN
005 - FECHA Y HORA DE LA ÜLTIMA TRANSACCIÓN
- campo de control: 20210219194528.0
008 - DATOS DE LONGITUD FIJA
- campo de control de longitud fija: nabaccnnaabn|||||||||| b |nc|||||d
035 ## - NUMERO DE CONTROL
- Número de control: UPN11000009840
040 ## - FUENTE DE CATALOGACIÓN
- Lenguaje de catalogación: SPA
- Agencia de transcripción: UPN
100 1# - ENCABEZAMIENTO - NOMBRE PERSONAL
- Nombre personal: Gervilla Castillo, Enrique
670 ## - FUENTE EN LA QUE SE LOCALIZARON DATOS
- Cita de la fuente: T
- Uniform Resource Identifier: http://fcce.ugr.es/grupos/vees/index.php?option=com_content&task=view&id=143&Itemid=174
680 ## - NOTA PUBLICA DE ACCESO PÚBLICO
- Frase explicativa de la referencia: Maestro de Primera Enseñanza. (Escuela Normal de Magisterio, Granada 1970). Licenciado en Ciencias de la Educación. (Universidad Pontificia, Salamanca 1982). Doctor en Ciencias de la Educación. (Universidad de Málaga 1986) * Licenciado en Teología. (Facultad de Teología, Granada 1971). Doctor en Teología. (Facultad de Teología, Granada 1988)
902 ## - CATALOGADOR
- Catalogador: MCM/240915
